Comuni della Provincia di Alessandria (con mappa) - Statistics

Statistiche generali
  • Questo quiz è stato fatto 52 volte
  • Il punteggio medio è 82 su 187
Risposte nella Mappa
Le risposte nella mappa del quiz sottostante sono codificate secondo una scala di colori dal rosso al verde in base alla % di persone che hanno risposto correttamente.
 
Statistiche sulle risposte
Risposta % Corretto
Alessandria
100%
Casale Monferrato
89%
Ovada
89%
Novi Ligure
84%
Serravalle Scrivia
84%
Tortona
84%
Acqui Terme
79%
Arquata Scrivia
79%
Castelnuovo Scrivia
74%
Valenza
74%
Bosco Marengo
63%
Frugarolo
63%
Isola Sant'Antonio
63%
Pontecurone
63%
Pozzolo Formigaro
63%
Quattordio
63%
Sale
63%
San Salvatore Monferrato
63%
Strevi
63%
Alluvioni Piovera
58%
Alzano Scrivia
58%
Basaluzzo
58%
Bassignana
58%
Borghetto di Borbera
58%
Cabella Ligure
58%
Castellazzo Bormida
58%
Felizzano
58%
Occimiano
58%
Oviglio
58%
Quargnento
58%
Vignole Borbera
58%
Volpedo
58%
Voltaggio
58%
Albera Ligure
53%
Alice Bel Colle
53%
Cantalupo Ligure
53%
Carezzano
53%
Carpeneto
53%
Casal Cermelli
53%
Casalnoceto
53%
Cassano Spinola
53%
Cassine
53%
Molino dei Torti
53%
Pietra Marazzi
53%
Sarezzano
53%
Sezzadio
53%
Silvano d'Orba
53%
Solero
53%
Viguzzolo
53%
Villanova Monferrato
53%
Avolasca
47%
Balzola
47%
Bistagno
47%
Bosio
47%
Capriata d'Orba
47%
Carbonara Scrivia
47%
Carrega Ligure
47%
Castellar Guidobono
47%
Garbagna
47%
Gremiasco
47%
Grondona
47%
Guazzora
47%
Lu e Cuccaro Monferrato
47%
Mirabello Monferrato
47%
Montecastello
47%
Ottiglio
47%
Ozzano Monferrato
47%
Pecetto di Valenza
47%
Pontestura
47%
Ponzone
47%
Predosa
47%
San Sebastiano Curone
47%
Spigno Monferrato
47%
Bergamasco
42%
Borgoratto Alessandrino
42%
Brignano Frascata
42%
Camagna Monferrato
42%
Cartosio
42%
Castellania Coppi
42%
Castelletto d'Orba
42%
Castelletto Monferrato
42%
Castelnuovo Bormida
42%
Cereseto
42%
Cerreto Grue
42%
Cerrina Monferrato
42%
Conzano
42%
Cremolino
42%
Fabbrica Curone
42%
Francavilla Bisio
42%
Frascaro
42%
Gamalero
42%
Gavi
42%
Giarole
42%
Molare
42%
Montemarzino
42%
Orsara Bormida
42%
Paderna
42%
Pasturana
42%
Rivalta Bormida
42%
Rocca Grimalda
42%
Sant'Agata Fossili
42%
Tassarolo
42%
Terruggia
42%
Vignale Monferrato
42%
Villalvernia
42%
Villaromagnano
42%
Visone
42%
Volpeglino
42%
Alfiano Natta
37%
Altavilla Monferrato
37%
Belforte Monferrato
37%
Borgo San Martino
37%
Camino
37%
Carentino
37%
Carrosio
37%
Costa Vescovato
37%
Dernice
37%
Frassineto Po
37%
Fresonara
37%
Fubine Monferrato
37%
Lerma
37%
Malvicino
37%
Masio
37%
Montegioco
37%
Morano sul Po
37%
Parodi Ligure
37%
Ponti
37%
Pozzol Groppo
37%
Prasco
37%
Ricaldone
37%
Rivarone
37%
Roccaforte Ligure
37%
Rocchetta Ligure
37%
Rosignano Monferrato
37%
San Giorgio Monferrato
37%
Serralunga di Crea
37%
Spineto Scrivia
37%
Tagliolo Monferrato
37%
Treville
37%
Trisobbio
37%
Valmacca
37%
Villadeati
37%
Berzano di Tortona
32%
Bozzole
32%
Casaleggio Boiro
32%
Cassinelle
32%
Castelletto d'Erro
32%
Castelletto Merli
32%
Castelspina
32%
Cella Monte
32%
Denice
32%
Fraconalto
32%
Gabiano
32%
Grognardo
32%
Momperone
32%
Mongiardino Ligure
32%
Monleale
32%
Montacuto
32%
Morbello
32%
Mornese
32%
Morsasco
32%
Odalengo Grande
32%
Odalengo Piccolo
32%
Olivola
32%
Pareto
32%
Pomaro Monferrato
32%
Sardigliano
32%
Stazzano
32%
Terzo
32%
Ticineto
32%
Coniolo
26%
Frassinello Monferrato
26%
Melazzo
26%
Merana
26%
Mombello Monferrato
26%
Montaldo Bormida
26%
Murisengo Monferrato
26%
Ponzano Monferrato
26%
Sala Monferrato
26%
San Cristoforo
26%
Villamiroglio
26%
Casasco
21%
Cavatore
21%
Moncestino
21%
Montaldeo
21%
Montechiaro d'Acqui
21%
Solonghello
21%
Nessun quiz corrispondente trovato
Distribuzione punteggi
Percentuale di utenti per punteggio
Percentile per numero di risposta
I tuoi punteggi nel tempo
Non hai fatto questo quiz